=LDR 00000nam 2200000 4500 =001 000166 =020 $9786025687136 =082 $635.000 =100 $$a Keen Achroni =245 $$a Mengintip peluang bisnis budidaya sayur organik /$c Keen Achroni =250 $Cetakan I =264 $Yogyakarta: Trans Idea Publishing 2024 =300 $120 halaman; 21 cm. =650 $Hortikultura =905 $635 KEE m =336 $$a =337 $$a =338 $$a =005 20260702151432.0 =008 260702s2026\\\\\\\\\\\\\\\\\\\\\\\\\\\\\\\\\\\\\\\\\